000 00329nam a2200145 i 4500
001 bg
100 1 _aFEDERER, Gerbert
245 0 _aGeometriceskaja teorija mery /
_cG.Federer.
260 _aMoskva,
_c1987.
040 _cBPK
041 _apol
080 _a517.518
942 _cKS
008 s pl f |000 0 pol
999 _c28627
_d28627
856 _uhttp://koha.tu.koszalin.pl/cgi-bin/koha/opac-detail.pl?biblionumber=28627
_yKatalog online BPK